000 00235nam a2200097Ia 4500
008 240331s9999 xx 000 0 und d
082 _bRAM
100 _aRamaswamy, V
245 0 _aDivinity and deviance :
_bwomen in virasaivism
942 _cL
999 _c1817
_d1817